00552nam a22001817a 450000500170000001000150001702000270003203500140005903700130007308200120008610000240009824501000012226000300022227000540025230000200030650000180032670000260034420170505145630.0 aENG-117940 c1095.00a9789350980798 aEN-101472 bDBAD/PUB a954.082 aGhosh, Jamini Mohan aSannyasi and Fakir Rebellion in Bengal /cby Jamini Mohan Ghosh ;edited by Ananda Bhattacharyya aNew DelhibMonohar c2014 a4753/23 Ansari Road, DaryaganjbNew Delhie110002 a304p.c22cm(Hb) aInclude index aBhattacharyya, Ananda